LEADER 00619nam a2200181 i 4500 001 000000103080 003 CaOOAMICUS 005 20260407161541.0 008 010914s1968 it u000 u ita u 040 $aSeMil$bita 245 10$a5: E-Fin. 300 $a1057 p. 773 0 $aBattaglia, Salvatore <1904-1971>$tGrande dizionario della lingua italiana.$dTorino : UTET, 1961-2009.$g5$w()6614 850 $aSeMil 852 $aSeMil$W1$xVenegono$y1$mSL1.A V 5$j269810$B59541$CSeMilBibl$Z2$F44030 $8I 961 $aSottoscrizione: UTET (Agente) 996 $6245$a5: E-Fin$9(OLS)http://semarc/title/149817